WinZip,WinRAR a další komprimační programy
Salvato in:
| Autore principale: | |
|---|---|
| Natura: | Libro |
| Lingua: | ceco |
| Pubblicazione: |
Praha :
Grada,
2000
|
| Edizione: | 3.aktualiz.vyd. |
| Tags: |
Nessun Tag, puoi essere il primo ad aggiungerne!!
|
MARC
| LEADER | 00000nam a22000003a 4500 | ||
|---|---|---|---|
| 001 | stu78542 | ||
| 005 | 20150617225643.1 | ||
| 008 | 030120s2000----xr------------------cze-d | ||
| 020 | |a 80-247-9005-X | ||
| 040 | |a STU |b slo | ||
| 041 | 0 | |a cze | |
| 044 | |a xr | ||
| 080 | |a 004.42 | ||
| 100 | 1 | |a Bráza, Jiří |4 aut | |
| 245 | 1 | |a WinZip,WinRAR a další komprimační programy | |
| 250 | |a 3.aktualiz.vyd. | ||
| 260 | |a Praha : |b Grada, |c 2000 | ||
| 300 | |a 123 s.;obr.,tab | ||
| 996 | |b 284V000075 |c V*47785/O-21049 |l VVS |s A |a 24 |w stu78542_0001 | ||